00693nam a2200193Ia 4500008004100000020001500041040001800056041000800074100002800082245014500110260005600255300002400311504002700335650003300362650003100395650001400426700002600440765003300466130821s2006 xxu gr spa  a1597840076 aCo-BoUCMbspa00aspa1 aBüyükcelebi, Ismail13aUna referencia completa de la teoría y la práctica el Islam como un modo de vidacIsmail Büyükcelebi; traducido por Karla A. Zurita aTrenton (Nueva Jersey, Estados Unidos)bLightc2006 axxii, 258 páginas aIncluye bibliografía04aFilosofía de la religión04aFundamentalismo islámico04aIslamismo1 aZurita, Karla A.etr.10aLiving in the shade of Islam